World Capitals Closest to Paris - Statistics

General Stats
  • This quiz has been taken 3,449 times
  • The average score is 16 of 20
Answer Stats
km capital miles % Correct
341 London 212
97%
880 Berlin 547
94%
268 Brussels 166
94%
430 Amsterdam 267
92%
1053 Madrid 654
91%
438 Bern 272
89%
289 Luxembourg 180
88%
1108 Rome 688
87%
779 Dublin 484
86%
1037 Vienna 645
83%
1028 Copenhagen 639
78%
886 Prague 550
77%
692 Monaco 430
76%
569 Vaduz 354
68%
710 Andorra la Vella 441
67%
950 San Marino 590
67%
1092 Bratislava 679
60%
1106 Vatican City 687
56%
1083 Zagreb 673
55%
967 Ljubljana 601
49%
No matching quizzes found
Score Distribution
Percent of People with Each Score
Percentile by Number Answered
Your Score History
You have not taken this quiz